| 000 | 01251nam a2200361 i 4500 | ||
|---|---|---|---|
| 001 | 10963 | ||
| 003 | KOSZ 005 | ||
| 005 | 20190924111927.0 | ||
| 008 | 070925s1968 pl a f 000 0 pol | ||
| 015 | _aPB 1968/5603 | ||
| 040 |
_aWA N _cKOSZ 005/RW _dKOSZ 005/RW _dKOSZ 005/HR |
||
| 046 | _k1968 | ||
| 080 | _a691 | ||
| 080 | _a678 | ||
| 100 | 1 |
_aIrzyk, Michał. _eAutor |
|
| 245 | 1 | 0 |
_aTworzywa sztuczne w budownictwie / _cMichał Irzyk, Jerzy Pogorzelski, Edward Kukliński. |
| 260 |
_aWarszawa : _b"Arkady", _c1968. |
||
| 300 |
_a490, [1] stron, [1] karta tablic : _bilustracje ; _c25 cm. |
||
| 336 |
_aTekst _btxt _2rdacontent |
||
| 337 |
_aBez urządzenia pośredniczącego _bn _2rdamedia |
||
| 338 |
_aWolumin _bnc _2rdacarrier |
||
| 380 | _aKsiążki. | ||
| 388 | _a1901-2000 | ||
| 504 | _aBibliografia na stronach 484-[491]. | ||
| 658 | _aArchitektura i budownictwo | ||
| 650 | 4 | _aMateriały budowlane | |
| 650 | 4 | _aTworzywa sztuczne | |
| 700 | 1 | _aPogorzelski, Jerzy Andrzej. | |
| 700 | 1 |
_aKukliński, Edward. _eAutor |
|
| 710 | 2 |
_aWydawnictwo "Arkady". _4pbl. |
|
| 856 |
_uhttp://koha.tu.koszalin.pl/cgi-bin/koha/opac-detail.pl?biblionumber=10963 _yKatalog online BPK |
||
| 942 |
_2UKD _cKS |
||
| 999 |
_c10963 _d10963 |
||